[Event "XXIII Festival A"]
[Site "Porto San Giorgio ITA"]
[Date "2011.08.21"]
[Round "1"]
[White "Panada, Valter"]
[Black "Panjkovic, Aleksandar"]
[Result "0-1"]
[WhiteElo "1902"]
[BlackElo "2173"]
[PlyCount "74"]
[EventDate "2011.08.21"]

1. e4 d6 2. d4 Nf6 3. Nc3 g6 4. f4 Bg7 5. Nf3 O-O 6. a3 c5 7. dxc5 Qa5 8. b4
Qd8 9. Rb1 b6 10. e5 dxe5 11. Qxd8 Rxd8 12. fxe5 Ng4 13. Nb5 Na6 14. cxb6 axb6
15. h3 Nxe5 16. Nxe5 Bxe5 17. Bd3 Bg3+ 18. Kf1 Bf5 19. Be3 Bxd3+ 20. cxd3 Rxd3
21. Ke2 Rd7 22. Rhd1 Rxd1 23. Rxd1 Nc7 24. Nxc7 Bxc7 25. Bc1 Bd6 26. Rd3 Rc8
27. Be3 b5 28. Rd5 Rc3 29. Rd3 Rc2+ 30. Rd2 Rxd2+ 31. Bxd2 f5 32. g4 Kf7 33.
Kf3 e5 34. Kg3 Ke6 35. Kf3 Kd5 36. Ke3 f4+ 37. Kd3 e4+ 0-1

[Event "XXIII Festival A"]
[Site "Porto San Giorgio ITA"]
[Date "2011.08.21"]
[Round "1"]
[White "Pascucci, Marco"]
[Black "Somma, Andrea"]
[Result "1-0"]
[WhiteElo "2091"]
[BlackElo "1851"]
[PlyCount "69"]
[EventDate "2011.08.21"]

1. d4 d5 2. Nc3 Nf6 3. Bg5 e6 4. e4 dxe4 5. Nxe4 Be7 6. Bxf6 Bxf6 7. Nf3 b6 8.
c3 O-O 9. Bd3 Bb7 10. Qd2 Nd7 11. h4 Be7 12. Neg5 h6 13. Qc2 Bxf3 14. Nxf3 c5
15. O-O-O Qc7 16. Kb1 Bf6 17. g4 Be7 18. g5 h5 19. g6 Rac8 20. gxf7+ Rxf7 21.
Ng5 Bxg5 22. hxg5 cxd4 23. Rxh5 dxc3 24. g6 Rf3 25. Be4 Rf4 26. f3 Nf6 27. Rh3
Nxe4 28. fxe4 Rd8 29. Rdh1 Kf8 30. Rxc3 Qd6 31. Rh8+ Ke7 32. Rh1 Qd4 33. Rc4
Qd3 34. Rc7+ Rd7 35. Qxd3 1-0

[Event "XXIII Festival A"]
[Site "Porto San Giorgio ITA"]
[Date "2011.08.21"]
[Round "1"]
[White "Pepe, Mario"]
[Black "Trent, Alan M."]
[Result "1-0"]
[WhiteElo "1999"]
[BlackElo "1800"]
[PlyCount "57"]
[EventDate "2011.08.21"]

1. e4 g6 2. d4 c6 3. Be3 d5 4. Nc3 dxe4 5. Nxe4 Bg7 6. Bc4 Nf6 7. Nxf6+ Bxf6 8.
c3 O-O 9. Bh6 Re8 10. Qb3 e6 11. Nf3 Qb6 12. O-O-O Nd7 13. h4 Qxb3 14. Bxb3 a5
15. a3 b5 16. h5 b4 17. hxg6 fxg6 18. Rde1 Nb6 19. axb4 axb4 20. Kc2 bxc3 21.
bxc3 Kf7 22. Bg5 h5 23. Bxf6 Kxf6 24. Ne5 Bb7 25. Rh3 Nd5 26. Rf3+ Kg7 27. Rf7+
Kh6 28. Rxb7 Nf4 29. Nf7+ 1-0

[Event "XXIII Festival A"]
[Site "Porto San Giorgio ITA"]
[Date "2011.08.21"]
[Round "1"]
[White "Perogio, Lorenzo"]
[Black "Rinaudo, Sergio"]
[Result "1/2-1/2"]
[WhiteElo "1883"]
[BlackElo "2144"]
[PlyCount "117"]
[EventDate "2011.08.21"]

1. f4 d5 2. Nf3 c5 3. g3 g6 4. Bg2 Bg7 5. O-O Nf6 6. d3 Nc6 7. c3 O-O 8. Qe1 d4
9. Na3 Nd5 10. Bd2 e5 11. fxe5 Nxe5 12. Nxe5 Bxe5 13. Nc4 Bg7 14. e3 dxe3 15.
Nxe3 Be6 16. Rd1 Rb8 17. Qf2 b6 18. a3 Nf6 19. Bc1 Ng4 20. Qf3 Qd7 21. Nc4 Rbd8
22. h3 Ne5 23. Nxe5 Bxe5 24. Bh6 Rfe8 25. Bg5 f6 26. Bf4 Bxh3 27. Bxe5 Rxe5 28.
Qxf6 Bxg2 29. Qxe5 Bxf1 30. Rxf1 Qd6 31. Qe3 Kg7 32. Qf3 Rf8 33. Qb7+ Kg8 34.
Rxf8+ Kxf8 35. Qf3+ Kg7 36. Qb7+ Kh6 37. Qh1+ Kg5 38. Qh4+ Kf5 39. g4+ Ke6 40.
Qxh7 Qg3+ 41. Kh1 Qf3+ 42. Kh2 Qxg4 43. Qg8+ Kf6 44. Qd8+ Ke5 45. Qc7+ Kf5 46.
Qd7+ Kf4 47. Qa4+ Kg5 48. Qxa7 Qe2+ 49. Kg1 Qd1+ 50. Kg2 Qd2+ 51. Kg1 Qc1+ 52.
Kf2 Qxb2+ 53. Ke3 Qc1+ 54. Ke2 Qc2+ 55. Ke3 Qxc3 56. Qxb6 Qxa3 57. Qd8+ Kg4 58.
Qd7+ Kg3 59. Qd6+ 1/2-1/2

[Event "XXIII Festival A"]
[Site "Porto San Giorgio ITA"]
[Date "2011.08.21"]
[Round "1"]
[White "Peron, Davide"]
[Black "Rinaudo, Andrea"]
[Result "0-1"]
[WhiteElo "1850"]
[BlackElo "2090"]
[PlyCount "80"]
[EventDate "2011.08.21"]

1. e4 c5 2. Nf3 Nc6 3. Bb5 g6 4. O-O Bg7 5. c4 Nd4 6. Nxd4 Bxd4 7. d3 e6 8. Nc3
h5 9. Be3 Qf6 10. Bxd4 cxd4 11. Ne2 Ne7 12. f4 e5 13. Qd2 O-O 14. Rf2 d6 15.
Raf1 Bg4 16. fxe5 Qxe5 17. Ba4 Kg7 18. h3 Be6 19. Qf4 f5 20. Qg5 Rf7 21. Nf4
Kh7 22. Nxe6 Qxe6 23. Bb3 Qf6 24. Qxf6 Rxf6 25. Bd1 Raf8 26. Bf3 b6 27. Re2 f4
28. e5 dxe5 29. Rxe5 Nf5 30. Re4 Ng3 31. Re7+ R8f7 32. Rfe1 Kg7 33. Bd5 Rxe7
34. Rxe7+ Kh6 35. Rxa7 g5 36. Re7 g4 37. hxg4 hxg4 38. c5 f3 39. gxf3 gxf3 40.
Re6 f2+ 0-1

[Event "XXIII Festival A"]
[Site "Porto San Giorgio ITA"]
[Date "2011.08.21"]
[Round "1"]
[White "Pienabarca, Nicola"]
[Black "Vesce, Emanuele"]
[Result "1/2-1/2"]
[WhiteElo "2110"]
[BlackElo "1865"]
[PlyCount "42"]
[EventDate "2011.08.21"]

1. d4 d5 2. Nf3 Nc6 3. c4 Bg4 4. cxd5 Bxf3 5. dxc6 Bxc6 6. f3 e6 7. e4 Be7 8.
Nc3 Bh4+ 9. g3 Bf6 10. Be3 h5 11. Qd2 Qd7 12. Bh3 h4 13. O-O-O O-O-O 14. d5
hxg3 15. hxg3 Rxh3 16. Rxh3 exd5 17. Qh2 d4 18. Ne2 Qe6 19. Bxd4 Qxa2 20. Rd3
Bxd4 21. Nxd4 Qc4+ 1/2-1/2

[Event "XXIII Festival A"]
[Site "Porto San Giorgio ITA"]
[Date "2011.08.21"]
[Round "1"]
[White "Piro, Valerio"]
[Black "Renzetti, Leonardo"]
[Result "1-0"]
[WhiteElo "2008"]
[BlackElo "1805"]
[PlyCount "51"]
[EventDate "2011.08.21"]

1. e4 e6 2. d4 d5 3. e5 c5 4. c3 Qb6 5. Nf3 Nc6 6. Be2 cxd4 7. cxd4 Bb4+ 8. Nc3
Nge7 9. a3 Ba5 10. b4 Nxb4 11. axb4 Bxb4 12. Bd2 Nc6 13. Na4 Qa5 14. Bxb4 Nxb4
15. O-O Bd7 16. Nc5 Qb6 17. Nxd7 Kxd7 18. Qa4+ Ke7 19. Rab1 a5 20. Rfc1 Rhc8
21. Kf1 Rc7 22. Rxc7+ Qxc7 23. Rxb4 axb4 24. Qxa8 Qc1+ 25. Ne1 Qc7 26. Bb5 1-0

[Event "XXIII Festival A"]
[Site "Porto San Giorgio ITA"]
[Date "2011.08.21"]
[Round "1"]
[White "Piva, Giorgio"]
[Black "Gensabella, Paolo"]
[Result "1/2-1/2"]
[WhiteElo "2204"]
[BlackElo "1906"]
[PlyCount "94"]
[EventDate "2011.08.21"]

1. d4 d5 2. Bf4 Nf6 3. e3 e6 4. Nf3 c5 5. c3 Nc6 6. Nbd2 Bd6 7. Bg3 Qe7 8. Ne5
Bd7 9. Bd3 cxd4 10. exd4 g6 11. Qf3 Bxe5 12. dxe5 Nh5 13. Qe3 Nxg3 14. hxg3 b6
15. Rh6 Qc5 16. Qxc5 bxc5 17. f4 Rb8 18. O-O-O Ne7 19. Rdh1 Nf5 20. Rxh7 Rxh7
21. Rxh7 Ke7 22. Bxf5 gxf5 23. Nf3 Rb6 24. Ng5 Be8 25. Rh8 Bc6 26. Rc8 d4 27.
Rc7+ Kd8 28. Rxa7 Bxg2 29. Nxf7+ Ke8 30. Nd6+ Kd8 31. b3 dxc3 32. Kc2 Bd5 33.
Kxc3 Rb4 34. Ra5 Rd4 35. Rxc5 Rd1 36. Kc2 Rg1 37. Nxf5 Be4+ 38. Kb2 exf5 39.
Rc3 Rb1+ 40. Ka3 Kd7 41. Re3 Ke6 42. g4 Bd5 43. gxf5+ Kxf5 44. Rd3 Be6 45. Rd4
Rf1 46. b4 Rxf4 47. Rxf4+ Kxf4 1/2-1/2

[Event "XXIII Festival A"]
[Site "Porto San Giorgio ITA"]
[Date "2011.08.21"]
[Round "1"]
[White "Proietti, Tosca"]
[Black "Tribuiani, Renato"]
[Result "0-1"]
[WhiteElo "1821"]
[BlackElo "2029"]
[PlyCount "120"]
[EventDate "2011.08.21"]

1. e4 Nc6 2. Nc3 e5 3. Nf3 d6 4. d4 Bg4 5. dxe5 dxe5 6. Qxd8+ Rxd8 7. Bb5 Bb4
8. Bd2 Bxf3 9. gxf3 Nge7 10. O-O-O O-O 11. a3 Ba5 12. Bg5 Bxc3 13. bxc3 f6 14.
Be3 g5 15. h4 h6 16. Rdg1 Ng6 17. hxg5 hxg5 18. Bxc6 bxc6 19. Bxa7 Nf4 20. Re1
Ra8 21. Bc5 Rf7 22. Rh6 Ng2 23. Rg1 Kg7 24. Rh2 Nf4 25. Rgh1 Ng6 26. Rh7+ Kg8
27. Rxf7 Kxf7 28. Rh7+ Kg8 29. Rxc7 Nh4 30. Rxc6 Kf7 31. Rc7+ Kg6 32. Ra7 Rc8
33. Ra5 Nxf3 34. a4 g4 35. Rb5 Ng5 36. Kb2 Nxe4 37. Be3 Nxc3 38. Rb3 Nxa4+ 39.
Kc1 Nc3 40. Kd2 Nd5 41. Ba7 Kf5 42. Rb5 Nc3 43. Rb2 Ne4+ 44. Ke2 Rd8 45. c4
Nc3+ 46. Kf1 Ke4 47. Kg2 f5 48. Kg3 Rd3+ 49. Kh4 Nd1 50. Re2+ Kf4 51. Kh5 e4
52. Kg6 Rd6+ 53. Kh5 Kf3 54. Rc2 Rc6 55. Kg5 f4 56. Bd4 g3 57. fxg3 fxg3 58.
Rd2 Ne3 59. c5 Nf1 60. Ra2 e3 0-1

[Event "XXIII Festival A"]
[Site "Porto San Giorgio ITA"]
[Date "2011.08.21"]
[Round "1"]
[White "Ragonese, Lucio Rosario"]
[Black "Korneev, Oleg"]
[Result "0-1"]
[WhiteElo "1969"]
[BlackElo "2588"]
[PlyCount "84"]
[EventDate "2011.08.21"]

1. d4 d5 2. Nf3 Nf6 3. Bf4 c5 4. c3 Nc6 5. e3 Qb6 6. Qb3 c4 7. Qxb6 axb6 8.
Nbd2 b5 9. a3 b4 10. cxb4 Nxb4 11. Rc1 Nc6 12. Be2 Bf5 13. Nh4 Bd7 14. O-O h6
15. Nhf3 b5 16. Ne5 e6 17. Ndf3 Ne4 18. Nxc6 Bxc6 19. Ne5 Bb7 20. Rfd1 g5 21.
Bg3 h5 22. f3 Nxg3 23. hxg3 Rg8 24. f4 g4 25. Bd3 f6 26. Bg6+ Ke7 27. Bh7 fxe5
28. Bxg8 e4 29. Kf2 Bg7 30. Rh1 Rxg8 31. Rxh5 b4 32. Ra1 b3 33. Ke2 c3 34. bxc3
Ba6+ 35. Kd2 b2 36. Rb1 Rb8 37. Rh7 Kf8 38. Rhh1 Bd3 39. Rhg1 Bf6 40. Rh1 Kg7
41. Rhg1 Bd8 42. Rh1 Ba5 0-1

[Event "XXIII Festival A"]
[Site "Porto San Giorgio ITA"]
[Date "2011.08.21"]
[Round "1"]
[White "Romanishin, Oleg M."]
[Black "Di Muccio, Lindoro"]
[Result "1-0"]
[WhiteElo "2526"]
[BlackElo "1964"]
[PlyCount "67"]
[EventDate "2011.08.21"]

1. Nf3 Nf6 2. g3 b6 3. d4 e6 4. Bg2 Bb7 5. c4 Be7 6. Nc3 O-O 7. O-O d6 8. Qc2
Nbd7 9. Rd1 c5 10. d5 e5 11. e4 Nh5 12. Rf1 g5 13. Qd2 g4 14. Ne1 Nhf6 15. f3
Kh8 16. fxg4 Nxg4 17. Qe2 Rg8 18. Bf3 h5 19. Ng2 Bg5 20. Bxg4 hxg4 21. Rxf7
Bxc1 22. Rxc1 Qg5 23. Rcf1 Rg7 24. Qe3 Qg6 25. Rxg7 Qxg7 26. Nb5 Rf8 27. Rxf8+
Qxf8 28. Nh4 Qf6 29. Nf5 a6 30. Nbxd6 Ba8 31. Qh6+ Qxh6 32. Nxh6 Kg7 33. Nxg4
Kg6 34. Kf2 1-0

[Event "XXIII Festival A"]
[Site "Porto San Giorgio ITA"]
[Date "2011.08.21"]
[Round "1"]
[White "Sagripanti, Michele"]
[Black "Bardone, Lorenzo"]
[Result "0-1"]
[WhiteElo "1990"]
[BlackElo "1775"]
[PlyCount "71"]
[EventDate "2011.08.21"]

1. e4 c5 2. c3 Nf6 3. e5 Nd5 4. d4 cxd4 5. cxd4 e6 6. a3 d6 7. Nf3 Nc6 8. Bd3
dxe5 9. dxe5 Be7 10. O-O Bd7 11. Qe2 Na5 12. Nd4 Bc5 13. Qg4 Bxd4 14. Qxd4 Qc7
15. Nd2 g6 16. Re1 Nc6 17. Qe4 f5 18. exf6 Nxf6 19. Qh4 O-O 20. Nf3 Nh5 21. Bh6
Rf7 22. Rac1 Qd6 23. Rcd1 Qc7 24. Bc4 Re8 25. Re4 Rf5 26. Ng5 Nf4 27. g3 Nd5
28. Rde1 Re5 29. f4 Rxe4 30. Nxe4 Qb6+ 31. Nf2 Qxb2 32. Bxd5 exd5 33. Rxe8+
Bxe8 34. Qg4 Nd4 35. Qc8 Qb5 36. Qc3 0-1

[Event "XXIII Festival A"]
[Site "Porto San Giorgio ITA"]
[Date "2011.08.21"]
[Round "1"]
[White "Salami, Marco"]
[Black "Carnicelli, Valerio"]
[Result "1-0"]
[WhiteElo "2166"]
[BlackElo "1898"]
[PlyCount "55"]
[EventDate "2011.08.21"]

1. d4 d5 2. c4 c6 3. Nf3 Nf6 4. Nc3 e6 5. Bg5 dxc4 6. e4 b5 7. e5 h6 8. Bh4 g5
9. Bg3 Nd5 10. Nd2 Nd7 11. a4 b4 12. Nce4 c3 13. bxc3 Nxc3 14. Nxc3 bxc3 15.
Ne4 Qa5 16. Nd6+ Bxd6 17. exd6 Rb8 18. Bd3 Qd5 19. O-O Qxd4 20. Re1 Qg7 21. Qf3
Bb7 22. Be4 Rc8 23. Qe3 O-O 24. Qxa7 Rb8 25. Rab1 f5 26. Rxb7 Ra8 27. Qe3 fxe4
28. Qxe4 1-0

[Event "XXIII Festival A"]
[Site "Porto San Giorgio ITA"]
[Date "2011.08.21"]
[Round "1"]
[White "Sbraccia, Giovanni"]
[Black "Mazzarini, Daniele"]
[Result "1-0"]
[WhiteElo "2017"]
[BlackElo "1813"]
[PlyCount "73"]
[EventDate "2011.08.21"]

1. d4 d5 2. Bf4 Nf6 3. Nf3 e6 4. e3 Bd6 5. Bg3 c5 6. c3 Nc6 7. Bd3 Qe7 8. Ne5
Bxe5 9. dxe5 Nd7 10. f4 f5 11. Nd2 Nb6 12. Nf3 h6 13. Nh4 Qf7 14. Be2 Ne7 15.
O-O Bd7 16. a4 Bc6 17. a5 Nd7 18. b4 c4 19. Nf3 O-O 20. Nd4 a6 21. Bh4 Kh7 22.
Bxe7 Qxe7 23. g4 g6 24. Kh1 Rg8 25. Rg1 Rg7 26. gxf5 gxf5 27. Rxg7+ Kxg7 28.
Bf3 Kh7 29. Qc2 Qf7 30. Rg1 Rg8 31. Rxg8 Kxg8 32. Qg2+ Kh7 33. Qh3 Nf8 34. Bh5
Qe7 35. Qg3 Qd8 36. Bf7 Qe7 37. Qg8# 1-0

[Event "XXIII Festival A"]
[Site "Porto San Giorgio ITA"]
[Date "2011.08.21"]
[Round "1"]
[White "Scipioni, Gaetano"]
[Black "Iaconi, Andrea"]
[Result "0-1"]
[WhiteElo "2063"]
[BlackElo "1832"]
[PlyCount "70"]
[EventDate "2011.08.21"]

1. d4 Nf6 2. Bf4 d5 3. e3 e6 4. Nf3 c5 5. c3 c4 6. b3 cxb3 7. axb3 Nc6 8. Nbd2
Be7 9. Bd3 O-O 10. h3 a6 11. O-O Bd7 12. Qb1 h6 13. c4 Nb4 14. Be2 dxc4 15.
bxc4 b5 16. Ne5 bxc4 17. Nxd7 Qxd7 18. Nxc4 Ra7 19. Ne5 Qb7 20. Bf3 Nfd5 21.
Qb3 a5 22. Nc4 Qb5 23. Nd6 Qa6 24. Nf5 Bf6 25. Bd6 Rc8 26. Bc5 Rxc5 27. dxc5
Bxa1 28. Rxa1 a4 29. Qd1 a3 30. Qd2 exf5 31. Bxd5 Nc2 32. Bc4 Qc8 33. Qc3 Nxa1
34. Qxa1 Qxc5 35. Qc3 Rc7 0-1

[Event "XXIII Festival A"]
[Site "Porto San Giorgio ITA"]
[Date "2011.08.21"]
[Round "1"]
[White "Serafini, Gino"]
[Black "Calandri, Fausto"]
[Result "0-1"]
[WhiteElo "1865"]
[BlackElo "2118"]
[PlyCount "98"]
[EventDate "2011.08.21"]

1. d4 e6 2. Nf3 Nf6 3. Bf4 c5 4. e3 b6 5. c3 Bb7 6. Nbd2 Be7 7. Bd3 Nc6 8. h3
O-O 9. O-O d5 10. Rc1 a5 11. a4 Ba6 12. Bxa6 Rxa6 13. Qe2 Ra8 14. Ne5 Nxe5 15.
Bxe5 Qd7 16. Bh2 Qxa4 17. Nf3 Rfc8 18. Ne5 Qe8 19. f4 Bd6 20. Kh1 Ne4 21. g4 f6
22. Nf3 Ra7 23. Rg1 Kh8 24. Rg2 a4 25. g5 Qh5 26. g6 cxd4 27. Nxd4 Qxe2 28.
Rxe2 Re8 29. gxh7 Bc5 30. Kg2 Kxh7 31. h4 Kg8 32. Kf3 Kf7 33. Rg2 Bxd4 34. exd4
Nd6 35. Rcg1 Nf5 36. Bg3 Rh8 37. Be1 b5 38. Ke2 a3 39. bxa3 Rxa3 40. Kd2 Ra2+
41. Kc1 Rxg2 42. Rxg2 Nxh4 43. Ra2 Nf3 44. Bg3 Rh1+ 45. Kb2 Rg1 46. Bf2 Rg2 47.
Kb3 Kg6 48. Kb4 Ne1 49. Rd2 Rxf2 0-1

[Event "XXIII Festival A"]
[Site "Porto San Giorgio ITA"]
[Date "2011.08.21"]
[Round "1"]
[White "Spano' Cuomo, Gaetano"]
[Black "Zamengo, Fulvio"]
[Result "0-1"]
[WhiteElo "1805"]
[BlackElo "2007"]
[PlyCount "86"]
[EventDate "2011.08.21"]

1. d4 Nf6 2. c4 c5 3. d5 b5 4. cxb5 a6 5. b6 d6 6. Nc3 Nbd7 7. e4 g6 8. Nf3 Bg7
9. Nd2 O-O 10. Be2 Nxb6 11. O-O Bb7 12. Nc4 Nxc4 13. Bxc4 Nd7 14. Be3 Nb6 15.
Be2 Re8 16. Qc2 Qc7 17. Rad1 e6 18. dxe6 fxe6 19. Bf4 Rad8 20. Rd2 Rf8 21. Be3
d5 22. exd5 exd5 23. Na4 Nxa4 24. Qxa4 d4 25. Bg5 Rb8 26. Bxa6 Bxa6 27. Qxa6
Qe5 28. h4 Rfe8 29. g3 Qd5 30. b3 Ra8 31. Qd3 h6 32. Bxh6 Bxh6 33. Qxg6+ Bg7
34. Qd3 Ra7 35. Re2 Rae7 36. Rfe1 Rxe2 37. Rxe2 Rxe2 38. Qxe2 d3 39. Qd1 d2 40.
Kf1 Kf7 41. Ke2 Bc3 42. f3 Qe5+ 43. Kd3 Qe1 0-1

[Event "XXIII Festival A"]
[Site "Porto San Giorgio ITA"]
[Date "2011.08.21"]
[Round "1"]
[White "Stella, Luca"]
[Black "Papa, Angelo"]
[Result "1-0"]
[WhiteElo "2090"]
[BlackElo "1848"]
[PlyCount "52"]
[EventDate "2011.08.21"]

1. e4 g6 2. d4 Bg7 3. Nf3 d6 4. Nc3 c6 5. a4 a5 6. Be3 Nf6 7. h3 O-O 8. Be2 Na6
9. O-O Qc7 10. Nd2 e5 11. dxe5 dxe5 12. Nc4 Qe7 13. Nxa5 Rd8 14. Qc1 Be6 15.
Nb3 Qb4 16. Bxa6 bxa6 17. Nc5 Bc4 18. Rd1 Nh5 19. Rxd8+ Rxd8 20. a5 Bb5 21. Na2
Qc4 22. b3 Qe2 23. Nc3 Ng3 24. fxg3 Rd1+ 25. Nxd1 Qe1+ 26. Kh2 Bf1 1-0

[Event "XXIII Festival A"]
[Site "Porto San Giorgio ITA"]
[Date "2011.08.21"]
[Round "1"]
[White "Stips, Felix"]
[Black "Ghidinelli, Giorgio"]
[Result "1-0"]
[WhiteElo "2213"]
[BlackElo "1913"]
[PlyCount "31"]
[EventDate "2011.08.21"]

1. d4 Nf6 2. Bg5 e6 3. e3 Be7 4. Bd3 b6 5. Nf3 Bb7 6. Nbd2 d6 7. c3 Nbd7 8. Qe2
a6 9. O-O-O Nd5 10. h4 h6 11. Bf4 Nxf4 12. exf4 Nf6 13. f5 Qd7 14. Rde1 Bc8 15.
g4 Nxg4 16. Ng5 {phone default} 1-0

[Event "XXIII Festival A"]
[Site "Porto San Giorgio ITA"]
[Date "2011.08.21"]
[Round "1"]
[White "Suppa, Ercole"]
[Black "Guglielmi, Dante"]
[Result "1-0"]
[WhiteElo "2123"]
[BlackElo "1878"]
[PlyCount "71"]
[EventDate "2011.08.21"]

1. d4 d5 2. Nf3 Nf6 3. e3 Bf5 4. c4 e6 5. Nc3 Be7 6. Qb3 b6 7. Ne5 O-O 8. Be2
c5 9. O-O Ne4 10. cxd5 Nxc3 11. bxc3 exd5 12. Rd1 c4 13. Qb2 f6 14. Nf3 Nc6 15.
Nh4 Be6 16. g3 g5 17. Ng2 Qd7 18. e4 Na5 19. exd5 Bxd5 20. Ne3 Bf7 21. Bg4 Qa4
22. Re1 h5 23. Bf5 Bd6 24. Qb1 Rae8 25. Bg6 Qd7 26. Bd2 h4 27. Qc2 hxg3 28.
hxg3 Re7 29. Bh7+ Kh8 30. Be4 Rfe8 31. Bf3 Qc7 32. Kg2 Qd7 33. Rh1+ Kg8 34.
Qh7+ Kf8 35. Qh6+ Kg8 36. Qh8# 1-0

[Event "XXIII Festival A"]
[Site "Porto San Giorgio ITA"]
[Date "2011.08.21"]
[Round "1"]
[White "Suvrajit, Saha"]
[Black "Burani, Eugenio"]
[Result "1-0"]
[WhiteElo "2362"]
[BlackElo "1943"]
[PlyCount "59"]
[EventDate "2011.08.21"]

1. d4 Nf6 2. Nf3 c5 3. e3 b6 4. c4 e6 5. Nc3 Bb7 6. d5 exd5 7. cxd5 d6 8. e4 a6
9. a4 g6 10. Bd3 Bg7 11. O-O O-O 12. Re1 Nbd7 13. Bf4 Ne8 14. Qd2 Rc8 15. Bh6
Bxh6 16. Qxh6 Qf6 17. Rad1 Nc7 18. e5 Nxe5 19. Nxe5 dxe5 20. Ne4 Qg7 21. Qxg7+
Kxg7 22. Nd6 Rb8 23. Nxb7 Rxb7 24. d6 Ne8 25. Bxa6 Rd7 26. Rxe5 Rxd6 27. Rxd6
Nxd6 28. Rd5 Rd8 29. f4 Nb7 30. Bxb7 1-0

[Event "XXIII Festival A"]
[Site "Porto San Giorgio ITA"]
[Date "2011.08.21"]
[Round "1"]
[White "Tomasini, Giovanni"]
[Black "Plances, Giuseppe"]
[Result "1/2-1/2"]
[WhiteElo "1982"]
[BlackElo "1734"]
[PlyCount "100"]
[EventDate "2011.08.21"]

1. e4 d5 2. e5 Bf5 3. f4 e6 4. Nf3 c5 5. Be2 Nc6 6. O-O Rc8 7. c3 d4 8. d3 c4
9. cxd4 Nxd4 10. Nc3 Nxe2+ 11. Nxe2 cxd3 12. Nc3 Bc5+ 13. Kh1 Ne7 14. Bd2 Nd5
15. Qa4+ Rc6 16. Nxd5 Qxd5 17. Rac1 O-O 18. Qb5 Bb6 19. Qxd5 exd5 20. Rxc6 bxc6
21. b4 c5 22. bxc5 Bxc5 23. h3 Rb8 24. Rc1 Bb6 25. g4 Bd7 26. f5 Rc8 27. Re1
Rc2 28. e6 Be8 29. exf7+ Bxf7 30. Re7 d4 31. Kg1 Bd5 32. Ne5 Bc6 33. Nxc6 Rxc6
34. Bb4 Bc5 35. Bxc5 Rxc5 36. Kf2 Rc2+ 37. Ke1 Rxa2 38. Rd7 a5 39. Rxd4 Ra3 40.
Kd2 Kf7 41. g5 Ra2+ 42. Kxd3 Ra3+ 43. Ke4 Rxh3 44. Rd7+ Kf8 45. Ra7 a4 46. Ke5
Re3+ 47. Kf4 Ra3 48. f6 gxf6 49. gxf6 Ra1 50. Kg5 a3 1/2-1/2

[Event "XXIII Festival A"]
[Site "Porto San Giorgio ITA"]
[Date "2011.08.21"]
[Round "1"]
[White "Tortolini, Francesco"]
[Black "Esposito, Luca"]
[Result "1/2-1/2"]
[WhiteElo "1918"]
[BlackElo "2235"]
[PlyCount "110"]
[EventDate "2011.08.21"]

1. c4 Nf6 2. Nc3 e6 3. g3 d5 4. d4 Nc6 5. Bg2 Bb4 6. Bg5 O-O 7. Nf3 dxc4 8. O-O
h6 9. Bxf6 Qxf6 10. a3 Be7 11. e3 Bd7 12. Qa4 a6 13. Qxc4 b5 14. Qd3 Rad8 15.
Ne4 Qf5 16. Nc5 Bxc5 17. Qxf5 exf5 18. dxc5 Be6 19. Rfd1 Bb3 20. Rd2 g6 21. Rc1
Kg7 22. Rc3 Bd5 23. Rcd3 Bxf3 24. Rxd8 Rxd8 25. Rxd8 Nxd8 26. Bxf3 Kf6 27. b4
Ke6 28. Kf1 Kd7 29. Ke2 Nc6 30. Bxc6+ Kxc6 31. Kd3 Kd5 32. f3 g5 33. h4 f6 34.
h5 c6 35. e4+ fxe4+ 36. fxe4+ Ke5 37. Ke3 f5 38. exf5 Kxf5 39. Kd3 Ke5 40. Ke3
Kd5 41. Kd3 a5 42. bxa5 Kxc5 43. Ke4 Kd6 44. a6 Kc7 45. Ke5 c5 46. Kd5 c4 47.
Kd4 Kb6 48. Kc3 Kxa6 49. Kb4 g4 50. a4 bxa4 51. Kxa4 c3 52. Kb4 Kb6 53. Kxc3
Kc5 54. Kd3 Kd5 55. Ke3 Ke5 1/2-1/2

[Event "XXIII Festival A"]
[Site "Porto San Giorgio ITA"]
[Date "2011.08.21"]
[Round "1"]
[White "Varvaglione, Antonio"]
[Black "Scalcione, Michelangelo"]
[Result "0-1"]
[WhiteElo "1936"]
[BlackElo "2337"]
[PlyCount "92"]
[EventDate "2011.08.21"]

1. e4 d6 2. d4 Nf6 3. Nc3 c6 4. Nf3 Bg4 5. Be2 e6 6. O-O d5 7. e5 Bxf3 8. Bxf3
Nfd7 9. Bf4 Be7 10. Bh5 g6 11. Be2 c5 12. Nb5 Nc6 13. c3 cxd4 14. cxd4 Qb6 15.
Bh6 a6 16. Qa4 Rc8 17. Nd6+ Bxd6 18. exd6 Qxd4 19. Qb3 Qb4 20. Qxb4 Nxb4 21.
Rac1 Nc6 22. b4 f6 23. Rc2 Kf7 24. Rfc1 e5 25. a4 Ra8 26. Rxc6 bxc6 27. Rxc6
Rhc8 28. Rc7 Rxc7 29. dxc7 Rc8 30. Bxa6 Rxc7 31. a5 g5 32. h4 Kg6 33. hxg5 fxg5
34. b5 Rc1+ 35. Kh2 Kxh6 36. Bb7 d4 37. Be4 Ra1 38. Bf5 Nb8 39. a6 Nxa6 40.
bxa6 Rxa6 41. Kg3 Ra3+ 42. f3 Ra2 43. Be4 Re2 44. Bd3 Re3 45. Bf5 d3 46. Kf2 d2
0-1

[Event "XXIII Festival A"]
[Site "Porto San Giorgio ITA"]
[Date "2011.08.21"]
[Round "1"]
[White "Vezzosi, Paolo"]
[Black "Bonghi, Alessandro"]
[Result "1-0"]
[WhiteElo "2355"]
[BlackElo "1939"]
[PlyCount "35"]
[EventDate "2011.08.21"]

1. d4 d5 2. Nf3 e6 3. c4 c6 4. Nbd2 Nf6 5. e3 Bd6 6. Bd3 Nbd7 7. O-O O-O 8. e4
e5 9. exd5 exd4 10. dxc6 Nc5 11. cxb7 Bxb7 12. Bf5 g6 13. Bh3 d3 14. Re1 Qa5
15. b4 Qxb4 16. Rb1 Bxf3 17. Qxf3 Qc3 18. Bb2 1-0

[Event "XXIII Festival A"]
[Site "Porto San Giorgio ITA"]
[Date "2011.08.21"]
[Round "1"]
[White "Voltolini, Giuseppe"]
[Black "Borino, Paolo"]
[Result "1-0"]
[WhiteElo "2229"]
[BlackElo "1917"]
[PlyCount "53"]
[EventDate "2011.08.21"]

1. d4 Nf6 2. c4 e5 3. dxe5 Ng4 4. Bf4 Nc6 5. Nf3 Bb4+ 6. Nbd2 Qe7 7. e3 Ngxe5
8. Nxe5 Nxe5 9. Be2 O-O 10. O-O Bxd2 11. Qxd2 d6 12. Rac1 b6 13. Qc3 Ng6 14.
Bg3 Bb7 15. b4 f5 16. Rfe1 Qg5 17. c5 dxc5 18. bxc5 f4 19. exf4 Nxf4 20. Bf1
Rf5 21. c6 Bc8 22. Re8+ Kf7 23. Rce1 Nd5 24. Qa3 h5 25. h4 Qg4 26. Bd3 Nf6 27.
Qf8+ 1-0

[Event "XXIII Festival A"]
[Site "Porto San Giorgio ITA"]
[Date "2011.08.21"]
[Round "1"]
[White "Zannoni, Gianni"]
[Black "Ruggeri, Pietro"]
[Result "1/2-1/2"]
[WhiteElo "1846"]
[BlackElo "2070"]
[PlyCount "73"]
[EventDate "2011.08.21"]

1. Nf3 d5 2. g3 c5 3. Bg2 Nf6 4. O-O Nc6 5. d4 e6 6. e3 Be7 7. c3 O-O 8. Nbd2
Qc7 9. a3 a5 10. Qc2 b6 11. e4 Ba6 12. e5 Nd7 13. Re1 Rac8 14. Kh1 cxd4 15.
cxd4 Na7 16. Qxc7 Rxc7 17. Nb1 Rfc8 18. Nc3 Bc4 19. Be3 Nb5 20. Nxb5 Bxb5 21.
Rec1 h6 22. h4 Kf8 23. Rxc7 Rxc7 24. Rc1 Rxc1+ 25. Bxc1 Ke8 26. Ne1 Bc4 27. f4
b5 28. Bd2 b4 29. axb4 axb4 30. Bh3 Nb6 31. f5 Kd7 32. fxe6+ fxe6 33. Bg4 Na4
34. Bc1 b3 35. Kg1 Bb4 36. Kf2 Bb5 37. Ng2 1/2-1/2

[Event "XXIII Festival A"]
[Site "Porto San Giorgio ITA"]
[Date "2011.08.22"]
[Round "2"]
[White "Abbatantuono, Oscar"]
[Black "Suppa, Ercole"]
[Result "0-1"]
[WhiteElo "1827"]
[BlackElo "2123"]
[PlyCount "56"]
[EventDate "2011.08.21"]

1. e4 c5 2. Nf3 e6 3. d4 cxd4 4. Nxd4 Nf6 5. Nc3 Bb4 6. f3 d5 7. Bb5+ Bd7 8.
Bxd7+ Nbxd7 9. exd5 Nxd5 10. Bd2 Qh4+ 11. g3 Qxd4 12. Nxd5 Bxd2+ 13. Qxd2 Qxd2+
14. Kxd2 exd5 15. Rhe1+ Kd8 16. Re3 Re8 17. Rd3 Nb6 18. b3 Kc7 19. a4 Rad8 20.
a5 Nc8 21. Ra4 Rd6 22. Rh4 h6 23. Rf4 f6 24. b4 Ne7 25. b5 Kd7 26. Rfd4 Rc8 27.
Rc3 Rc4 28. Rdd3 Nf5 0-1